| 000 -ლიდერი |
| ფიქსირებული სიგრძის საკონტროლო ველი |
01324nam a2200265Ia 4500 |
| 001 - საკონტროლო ნომერი |
| საკონტროლო ველი |
23355 |
| 003 - საკონტროლო ნომრის იდენტიფიკატორი |
| საკონტროლო ველი |
GE_BSU |
| 005 - ბოლო ოპერაციის თარიღი და დრო |
| საკონტროლო ველი |
20251223154440.0 |
| 008 - ფიქსირებული სიგრძის მონაცემთა ელემენტები - ზოგადი ინფორმაცია |
| ფიქსირებული სიგრძის საკონტროლო ველი |
181216s1961||||ge |||||||||||||| ||geo|| |
| 040 ## - კატალოგიზაციის წყარო |
| Transcribing agency |
GE_BSU |
| 041 ## - ენის კოდი |
| Language code of text/sound track or separate title |
geo |
| 080 ## - უნივერსალური ათობითი კლასიფიკაციის ინდექსი |
| Universal Decimal Classification number |
003(049.32) მ-54 |
| 100 ## - მთავარი ჩანაწერი - პიროვნების სახელი |
| Personal name |
მელიქიშვილი, გიორგი |
| 9 (RLIN) |
26590 |
| 245 ## - ცნობა სათაურის შესახებ |
| Title |
როგორ ამეტყველდნენ ლურსმული წარწერები / |
| Statement of responsibility, etc |
გიორგი მელიქიშვილი ; რედაქტორი გ. გიორგაძე ; მხატვრები : დ. ციციშვილი, გ. ყანდარელი. |
| 264 ## - წარმოების, გამოცემის, დისტრიბუციის და სხვა ცნობები |
| გამოცემის, წარმოების, დისტრიბუციის... ადგილი |
თბილისი : |
| გამოცემის, წარმოების, დისტრიბუციის... სახელწოდება |
ნაკადული, |
| გამოცემის, წარმოების, დისტრიბუციის... თარიღი |
1961. |
| 300 ## - ფიზიკური აღწერა |
| Extent |
130 გვ. ; |
| Dimensions |
21სმ. |
| 653 ## - INDEX TERM--UNCONTROLLED |
| Uncontrolled term |
დამწერლობა |
| 653 ## - INDEX TERM--UNCONTROLLED |
| Uncontrolled term |
ლურსმული დამწერლობა |
| 653 ## - INDEX TERM--UNCONTROLLED |
| Uncontrolled term |
როგორ ამეტყველდნენ ლურსმული წარწერები |
| 700 ## - ADDED ENTRY--PERSONAL NAME |
| Personal name |
გიორგაძე, გ. |
| Relator term |
რედაქტორი |
| 9 (RLIN) |
26591 |
| 700 ## - ADDED ENTRY--PERSONAL NAME |
| Personal name |
ციციშვილი, დ. |
| Relator term |
მხატვარი |
| 9 (RLIN) |
26592 |
| 700 ## - ADDED ENTRY--PERSONAL NAME |
| Personal name |
ყანდარელი, გ. |
| Relator term |
მხატვარი |
| 9 (RLIN) |
26593 |
| 942 ## - ADDED ENTRY ELEMENTS (KOHA) |
| Koha item type |
წიგნი |
| Source of classification or shelving scheme |
|